LEADER 01065nam0-22003731i-450- 001 990001480360403321 010 $a3-387-98948-X 035 $a000148036 035 $aFED01000148036 035 $a(Aleph)000148036FED01 035 $a000148036 100 $a--------d--------km-y0itay50------ba 101 0 $aeng 102 $aDE 105 $aa---a---001yy 200 1 $a<>introduction to Riemann-Finsler geometry$fD. Bao, S.S. Chern, Z. Shen 210 $aNew York$cSpringer$dc2000 215 $axx, 431 p.$cill.$d24 cm 225 1 $aGraduate texts in mathematics$v2000 610 0 $aSpazi di finsler 610 0 $aStrutture riemanniane 676 $a516.373$v21 700 1$aBao,$bDavid$061116 701 1$aChern,$bShiing-Shen$f<1911-2004>$045718 701 1$aShen,$bZ.$0352120 801 0$aIT$bUNINA$gRICA$2UNIMARC 901 $aBK 912 $a990001480360403321 952 $aC-12-(200$b17672$fMA1 959 $aMA1 962 $a53C60 962 $a58B20 996 $aIntroduction to Riemann-Finsler geometry$9378644 997 $aUNINA LEADER 02222nam 2200433 450 001 996279439703316 005 20230417030542.0 010 $a1-4799-7291-6 035 $a(CKB)3710000000589826 035 $a(NjHacI)993710000000589826 035 $a(EXLCZ)993710000000589826 100 $a20230417d2015 uy 0 101 0 $aeng 135 $aur||||||||||| 181 $ctxt$2rdacontent 182 $cc$2rdamedia 183 $acr$2rdacarrier 200 10$a2015 IEEE Workshop on Automatic Speech Recognition and Understanding $eASRU 2015 : proceedings : December 13-17, 2015, Scottsdale, Arizona, USA /$fSatoshi Nakamura [and twenty-four others] 210 1$aPiscataway, New Jersey :$cIEEE,$d[2015] 210 4$dİ2015 215 $a1 online resource (813 pages) $cillustrations 311 $a1-4799-7292-4 320 $aIncludes bibliographical references and index. 327 $aM1: AUTOMATIC SPEECH RECOGNITION I -- M2: TEXT-TO-SPEECH SYSTEMS -- M3: AUTOMATIC SPEECH RECOGNITION II -- M4: SPOKEN DOCUMENT RETRIEVAL, SPEECH SUMMARIZATION, AND -- APPLICATIONS -- R1: ROBUSTNESS IN AUTOMATIC SPEECH RECOGNITION, SPEECH-TOSPEECH TRANSLATION, AND SPONTANEOUS SPEECH PROCESSING -- R2: SPOKEN LANGUAGE UNDERSTANDING -- T1: AUTOMATIC SPEECH RECOGNITION IN REVERBERANT ENVIRONMENTS -- (ASPIRE) -- T2: 3RD CHIME SPEECH SEPARATION AND RECOGNITION CHALLENGE -- T3: AUTOMATIC SPEECH RECOGNITION III -- T4: THE MGB CHALLENGE - RECOGNITION OF MULTI-GENRE BROADCAST -- DATA -- W2: SPOKEN DIALOG SYSTEMS. 517 $a2015 IEEE Workshop on Automatic Speech Recognition and Understanding (ASRU) 517 $a2015 IEEE Workshop on Automatic Speech Recognition and Understanding 517 $aAutomatic Speech Recognition and Understanding 606 $aAutomatic speech recognition$vCongresses 606 $aSpeech processing systems$vCongresses 615 0$aAutomatic speech recognition 615 0$aSpeech processing systems 676 $a006.454 700 $aNakamura$b Satoshi$094565 801 0$bNjHacI 801 1$bNjHacl 906 $aPROCEEDING 912 $a996279439703316 996 $a2015 IEEE Workshop on Automatic Speech Recognition and Understanding$93088720 997 $aUNISA